| 000 | 00812nam0a22002531 4500 | ||
|---|---|---|---|
| 001 | rc\2564056 | ||
| 005 | 20250623105857.0 | ||
| 035 | _a(NLR Aleph) 006728920 | ||
| 090 |
_a5522966 _c5522966 |
||
| 100 | _a20110914d1927 |||y0rusy50 ca | ||
| 101 | 0 | _arus | |
| 102 | _aRU | ||
| 105 | _ay z ||||| | ||
| 200 | 1 | _aМолодежь в ремесленной и кустарной промышленности | |
| 210 |
_aМосква _aЛенинград _cМолодая гвардия _d1927 _eМосква _g5-я тип. "Транспечати" Н.К.П.С. |
||
| 215 |
_a95 с. _d18Х13 см. |
||
| 225 | 1 | _aЮношеский труд | |
| 700 | 1 |
_aРозовский _bС. |
|
| 801 | 0 |
_aRU _bNLR _gpsbo |
|
| 801 | 1 |
_aRU _bELAR _2rusmarc |
|
| 852 |
_aNLR _j25/785 |
||
| 942 | _cBOOK | ||
| 980 | _aNB | ||